Británia sa v zime obáva výpadkov elektriny

Veľkej Británii v prípade tuhej zimy hrozí nedostatok elektrickej energie. Zásoby zemného plynu a ropy sa míňajú. Riešením je návrat k atómovým elektrárňam, ktoré sú základným zdrojom elektriny vo Francúzsku a Fínsku. Veterná energia vo Francúzsku.

Enregistré dans:
Détails bibliographiques
Auteur principal: Zverková, Soňa
Format: Chapitre de livre
Langue:slovaque
Sujets:
Tags: Ajouter un tag
Pas de tags, Soyez le premier à ajouter un tag!

MARC

LEADER 00000naa$a2200000$$$4500
001 0034791
005 20231004130719.0
041 0 |a slo 
044 |a SK 
245 1 0 |a Británia sa v zime obáva výpadkov elektriny  |c Soňa Zverková 
520 |a Veľkej Británii v prípade tuhej zimy hrozí nedostatok elektrickej energie. Zásoby zemného plynu a ropy sa míňajú. Riešením je návrat k atómovým elektrárňam, ktoré sú základným zdrojom elektriny vo Francúzsku a Fínsku. Veterná energia vo Francúzsku. 
610 2 0 |a energia 
610 2 0 |a energia atómová 
610 2 0 |a energia veterná 
610 2 0 |a ropa 
610 2 0 |a plyn zemný 
610 2 0 |a Veľká Británia 
610 2 0 |a Francúzsko 
610 2 0 |a Fínsko 
610 2 0 |a zdroje energetické 
100 1 |a Zverková, Soňa